| 000 | 00855nac a22002051u 4500 | ||
|---|---|---|---|
| 020 | _a0130179736 (pbk.) | ||
| 082 |
_a005.72 _bL7351 |
||
| 090 |
_c992 _d992 |
||
| 100 | _aLin, Shu, | ||
| 245 |
_aError control coding : _bundamentals and applications / _cShu Lin, Daniel J. Costello. |
||
| 250 | _a2nd ed. | ||
| 260 |
_aUpper Saddle River, NJ : _bPearson Education International, _cc2004. |
||
| 300 |
_axii, 1260 p. : _bill. ; _c24 cm. |
||
| 500 | _aPrevious ed: Englewood Cliffs, N.J. : Prentice-Hall, c1983. | ||
| 504 | _aIncludes bibliographical references and index. | ||
| 650 | _aError-correcting codes (Information theory) | ||
| 700 |
_aCostello, Daniel J., _d1942- |
||
| 942 |
_cBB _k005.72L7351 |
||
| 999 |
_c992 _d992 |
||